000 00342nam a2200133Ia 4500
008 230511s1989 xx 000 0 und d
041 _aeng
082 _a343.052
100 _aBhandari M C
245 _aWadhwas The Income Tax Act/Rules
260 _aPune
_bHind Law House
_c1989
300 _a1079
906 _aTax Laws - Income Tax 
999 _c344530
_d344530